|
|
|
|
| LEADER |
01936nam a22003734a 4500 |
| 001 |
EBC226430 |
| 003 |
MiAaPQ |
| 005 |
20200520144314.0 |
| 006 |
m o d | |
| 007 |
cr cn||||||||| |
| 008 |
041210s2005 inua s 001 0 eng |
| 010 |
|
|
|z 2004029500
|
| 020 |
|
|
|z 0764579487 (pbk.)
|
| 035 |
|
|
|a (MiAaPQ)EBC226430
|
| 035 |
|
|
|a (Au-PeEL)EBL226430
|
| 035 |
|
|
|a (CaPaEBR)ebr10114252
|
| 035 |
|
|
|a (CaONFJC)MIL25345
|
| 035 |
|
|
|a (OCoLC)58448235
|
| 040 |
|
|
|a MiAaPQ
|c MiAaPQ
|d MiAaPQ
|
| 050 |
|
4 |
|a HF5371
|b .B37 2005
|
| 082 |
0 |
4 |
|a 005.36
|2 22
|
| 100 |
1 |
|
|a Barker, F. Scott.
|
| 245 |
1 |
0 |
|a Beginning InfoPath 2003
|h [electronic resource] /
|c F. Scott Barker.
|
| 260 |
|
|
|a Indianapolis, IN :
|b Wiley Pub.,
|c c2005.
|
| 300 |
|
|
|a xxix, 348 p. :
|b ill.
|
| 500 |
|
|
|a "Programmer to programmer"--Cover.
|
| 500 |
|
|
|a Includes index.
|
| 505 |
0 |
|
|a InfoPath, the journey begins -- Getting started designing with InfoPath -- Understanding data -- Creating an InfoPath form from an existing data source -- Utilizing XML and Web service data sources -- Working with controls in general -- Looking at some useful controls and techniques -- Working with sections -- Managing views -- Publishing InfoPath forms -- Working with code in your InfoPath form -- Getting starting using script -- Working with .NET managed code -- Real world tasks and coding examples -- Creating and working with Web services -- Implementing security -- Working with InfoPath with Windows SharePoint services -- Manufacturing plant case study.
|
| 533 |
|
|
|a Electronic reproduction. Ann Arbor, MI : ProQuest, 2015. Available via World Wide Web. Access may be limited to ProQuest affiliated libraries.
|
| 630 |
0 |
0 |
|a Microsoft InfoPath.
|
| 650 |
|
0 |
|a Business
|x Forms
|x Computer programs.
|
| 655 |
|
4 |
|a Electronic books.
|
| 710 |
2 |
|
|a ProQuest (Firm)
|
| 856 |
4 |
0 |
|u https://ebookcentral.proquest.com/lib/matrademy/detail.action?docID=226430
|z Click to View
|